000 00627nam a2200229Ia 4500
003 OSt
005 20220923221650.0
006 a|||||r|||| 00| 0
007 ta
008 220922b |||||||| |||| 00| 0 hin d
024 _a199,166
037 _cTextual
040 _aARTS
_cARTS
_bhin
041 _2hin
_ahin
082 _aP23682, 152J9
100 _aचातक, गोविन्द
245 0 _aगढ़वाली भाषा
246 _aGaढ़vālī bhāṣhā
260 _c1962
942 _hP23682, 152J9
_cTEXL
_2CC
999 _c350941
_d350941